000 00448nam a2200181Ia 4500
003 GCL
008 140319s9999 xx 000 0 aRus d
040 _aGCL /
_cGCL
082 0 4 _a863
_bB D
100 1 _aBORGES, JORGE LUIS
245 1 0 _aDISCUSION /
_cBORGES, JORGE LUIS
260 _a[S.N] :
_bALIANZA EDITORIAL ،
_c1986
300 _a152 P
650 0 4 _aLITERATURE
650 0 4 _aFICTION
650 0 4 _aSPANISH LITERATURE
942 _2ddc
_cBK
999 _c10769
_d10769